000 00556nam a2200205Ia 4500
005 20250508163705.0
008 008 250505s9999 xx 000 0 hin d
037 _aTextBook
040 _aFEDL
_beng
_cFEDL
041 _ahin
_2eng
084 _a371.76, SHR
_qFEDL
100 _aShri Sharan
245 0 _aAbhinav yog shiksha evam swasthya shiksha
260 _aDelhi, India
_bAdunik Parkashan
_c1997
300 _axv,320p
365 _aINR
_b30
650 _aHealth Education
942 _cTB
_h371.76, SHR
999 _c1384724
_d1384724